Systém určenia orientácie mobilného robota voči Slnku

Gespeichert in:
Bibliographische Detailangaben
1. Verfasser: Malina, Marek (Verfasst von)
Weitere Verfasser: Hubinský, Peter (Betreuung Doktorarbeit)
Format: Manuskript Buch
Sprache:Slowakisch
Veröffentlicht: Bratislava : STU v Bratislave FEI, 2025
Schlagworte:
Online-Zugang:https://opac.crzp.sk/?fn=detailBiblioFormChildC7J3C&sid=8D80AD18777FCC7F6BB6B54DC29E&seo=CRZP-detail-kniha
Tags: Tag hinzufügen
Keine Tags, Fügen Sie das erste Tag hinzu!

MARC

LEADER 00000ntm a22000003a 4500
001 stuzp96514
003 SK-STU
005 20260210095834.8
007 ta
008 150427s2015----xo-----f-mn---000-0-slo-d
040 |a STU  |b slo 
041 0 |a slo 
044 |a xo 
100 1 |a Malina, Marek  |u 031000  |4 aut  |U FEI Fakulta elektrotechniky a informatiky  |T FEI Ústav robotiky a kybernetiky  |X 117164  |U E011  |Y 356  |7 117164 
242 0 1 |a System for Determining Orientation of Mobile Robot with Respect to Sun  |y eng 
245 1 0 |a Systém určenia orientácie mobilného robota voči Slnku 
260 |a Bratislava :  |b STU v Bratislave FEI,  |c 2025 
300 |a 64 s. 
650 4 |a širokouhlá kamera  |2 slo 
650 4 |a orientácia mobilného robota  |2 slo 
650 4 |a 3D tlač na Mesiaci  |2 slo 
650 4 |a Fresnelova šošovka  |2 slo 
650 4 |a slnečný senzor  |2 slo 
650 4 |a sun sensor  |2 eng 
650 4 |a mobile robot orientation  |2 eng 
650 4 |a 3D printing on the Moon  |2 eng 
650 4 |a Fresnel lens  |2 eng 
650 4 |a wide-angle camera  |2 eng 
700 1 |a Hubinský, Peter  |u 031000  |k Z1  |4 ths  |U FEI Fakulta elektrotechniky a informatiky  |T FEI Ústav robotiky a kybernetiky  |X 4940  |U E011  |Y 356  |7 A000004940 
856 4 |u https://opac.crzp.sk/?fn=detailBiblioFormChildC7J3C&sid=8D80AD18777FCC7F6BB6B54DC29E&seo=CRZP-detail-kniha